header

Practical transfusion medicine (Record no. 69983)

MARC details
000 -LEADER
fixed length control field 01795nam a2200373 a 4500
082 04 - DEWEY DECIMAL CLASSIFICATION NUMBER
Classification number 615.3/9
245 00 - TITLE STATEMENT
Title Practical transfusion medicine
250 ## - EDITION STATEMENT
Edition statement 4th ed.
260 ## - PUBLICATION, DISTRIBUTION, ETC. (IMPRINT)
Place of publication Chichester, West Sussex, U.K. :
Name of publisher Wiley-Blackwell,
Year of publication 2013.
300 ## - PHYSICAL DESCRIPTION
Number of Pages xvi, 549 p., [8] p. of plates :
Other physical details ill. (some col.)
505 0# - FORMATTED CONTENTS NOTE
Formatted contents note pt. 1. Basic principles of immunohaematology -- pt. 2. Complications of transfusions -- pt. 3. Practice in blood centres and hospitals -- pt. 4. Clinical transfusion practice -- pt. 5. Alternatives to transfusion -- pt. 6. Cellular and tissue therapy and organ transplantation -- pt. 7. Development of the evidence base for transfusion.
650 #0 - SUBJECT ADDED ENTRY--TOPICAL TERM
Topical Term Blood
Topical Term Blood groups.
Topical Term Blood
700 1# - ADDED ENTRY--PERSONAL NAME
Personal name Murphy, Michael F.
Personal name Pamphilon, Derwood H.
Personal name Heddle, Nancy M.
856 40 - ELECTRONIC LOCATION AND ACCESS
Uniform Resource Identifier http://site.ebrary.com/lib/rucke/Doc?id=10662620

No items available.

© 2026 Rongo University
Contact us: librarian | system librarian | Rongo university